Educación + Arte. Trabajo por proyectos.

সংরক্ষণ করুন:
গ্রন্থ-পঞ্জীর বিবরন
প্রধান লেখক: González Fulle, Beatriz (editora)
বিন্যাস: গ্রন্থ
প্রকাশিত: Santiago, Chile: Ministerio de las Culturas, las Artes y el Patrimonio, 2020.
মালা:Colección Educación Artística, Linea / Reflexión
বিষয়গুলি:
অনলাইন ব্যবহার করুন:Disponible Online - Ministerio de las Culturas
ট্যাগগুলো: ট্যাগ যুক্ত করুন
কোনো ট্যাগ নেই, প্রথমজন হিসাবে ট্যাগ করুন!

MARC

LEADER 00000nam a22000007a 4500
003 CL-VaPUC
005 20240531131108.0
008 220912t2020 ||||| |||| 00| 0 eng d
999 |c 438693  |d 438691 
020 |a 978-956-352-369-0 (digital) 
020 |a 978-956-352-368-3 (papel) 
040 |c Pontificia Universidad Católica de Valparaíso 
082 |2 22  |a 372.5 GON 2020 
100 1 |a González Fulle, Beatriz  |e editora  |9 876550 
245 |a Educación + Arte.  |b Trabajo por proyectos. 
260 |a Santiago, Chile:  |b Ministerio de las Culturas, las Artes y el Patrimonio,  |c 2020. 
300 |a 139 páginas. 
490 |a Colección Educación Artística,  |a Linea / Reflexión 
500 |a c.1-c.2. Donación Biblioteca Arquitectura. Memo ARQ 11/2022. 05/09/2022 
583 |c 20220912  |k Catalogador Asistente 
650 0 |9 269035  |a Educación artística  |x Trabajo por proyectos 
650 0 |a Proyectos artísticos y culturales   |x Educación   |x Programas y metodologías   |9 876660 
650 0 |a Aprendizaje Basado en Proyectos (ABP)  |x Aspectos teóricos   |9 876659 
650 0 |9 338008  |a Arte contemporáneo  |x Enseñanza y aprendizaje  
856 |u https://www.cultura.gob.cl/wp-content/uploads/2020/11/arte-educacion.pdf  |y Disponible Online - Ministerio de las Culturas 
942 |2 ddc  |c BK 
952 |0 0  |1 0  |2 ddc  |4 0  |6 372_500000000000000_GON_2020  |7 0  |8 A  |9 586665  |a BIBARQ  |b BIBARQ  |c GEN  |d 2022-09-12  |e Donación  |i 5654632  |l 5  |m 4  |o 372.5 GON 2020  |p 5654632  |r 2025-01-20  |s 2024-04-25  |t 1  |w 2022-09-12  |y BK  |k ARQ 
952 |0 0  |1 0  |2 ddc  |4 0  |6 372_500000000000000_GON_2020  |7 0  |8 A  |9 586666  |a BIBARQ  |b BIBARQ  |c GEN  |d 2022-09-12  |e Donación  |i 5654633  |l 1  |o 372.5 GON 2020  |p 5654633  |r 2024-01-16  |s 2022-09-29  |t 2  |w 2022-09-12  |y BK  |k ARQ